Vấn đề lợi dụng chức vụ quyền hạn phạm tội trong luật hình sự Việt Nam

Chuyên ngành: Luật hình sự; Mã số 60 38 40; Luận văn Thạc sĩ trường Đại học Luật TP. Hồ Chí Minh, 2004; Trình bày một số vấn đề chung về người có chức vụ và lợi dụng chức vụ, quyền hạn phạm tội. Trách nhiệm hình sự đối với việc lơ...

Full description

Saved in:
Bibliographic Details
Main Author: Nguyễn, Văn Sơn
Other Authors: Trần, Văn Độ
Format: Book
Language:Undetermined
Published: Tp. Hồ Chí Minh 2004
Subjects:
Online Access:http://lrc.tdmu.edu.vn/opac/search/detail.asp?aID=2&ID=17574
Tags: Add Tag
No Tags, Be the first to tag this record!
Institutions: Trung tâm Học liệu Trường Đại học Thủ Dầu Một
LEADER 01630nam a2200205Ia 4500
001 TDMU_17574
008 210410s9999 xx 000 0 und d
082 |a 345.597 
090 |b NG527 
100 |a Nguyễn, Văn Sơn 
245 0 |a Vấn đề lợi dụng chức vụ quyền hạn phạm tội trong luật hình sự Việt Nam 
245 0 |c Nguyễn Văn Sơn; PGS.TS.Trần Văn Độ (Hướng dẫn) 
260 |a Tp. Hồ Chí Minh 
260 |c 2004 
300 |a 95tr.+Phụ lục 
520 |a Chuyên ngành: Luật hình sự; Mã số 60 38 40; Luận văn Thạc sĩ trường Đại học Luật TP. Hồ Chí Minh, 2004; Trình bày một số vấn đề chung về người có chức vụ và lợi dụng chức vụ, quyền hạn phạm tội. Trách nhiệm hình sự đối với việc lợi dụng chức vụ quyền hạn phạm tội. Thực tiễn áp dụng các quy định về vấn đề lợi dụng chức vụ, quyền hạn phạm tội và các giải pháp nâng cao hiệu quả áp dụng các quy định về lợi dụng chức vụ, quyền hạn phạm tội; TM tài liệu tham khảo 5tr. Sau phần phụ lục 
650 |a Luận văn; Luật hình sự  |x Tội danh  |z Việt Nam; Tội phạm chính trị  |z Việt Nam 
700 |a Trần, Văn Độ 
856 |u http://lrc.tdmu.edu.vn/opac/search/detail.asp?aID=2&ID=17574 
980 |a Trung tâm Học liệu Trường Đại học Thủ Dầu Một